| 000 | 01560cam a2200325 i 4500 | ||
|---|---|---|---|
| 003 | SA-RiAUC | ||
| 005 | 20260114121509.0 | ||
| 008 | 260103s1924 sy g 000r0 ara c | ||
| 040 |
_aSA-JeALM _bara _cSA-RiAUC _erda |
||
| 082 | 0 | 4 | _a252.22 |
| 090 |
_aم ن 252.22 _bج م ا |
||
| 100 | 1 |
_aجمال الدين القاسمي، جمال الدين بن محمد سعيد بن قاسم، _d1283-1332 هجري _eمؤلف. |
|
| 245 | 1 | 2 |
_aرسالة في إقامة الحجة على المصلي جماعة قبل الإمام الراتب من الكتاب والسنة وأقوال سائر أئمة المذاهب / _cتأليف محمد جمال الدين بن محمد سعيد القاسمي. |
| 250 | _aالطبعة الأولى. | ||
| 264 | 1 |
_aدمشق : _b[الناشر غير محدد]، _c[1924] |
|
| 264 | _bمطبعة الصداقة | ||
| 300 |
_a72،4 صفحة ؛ _c20 سم |
||
| 336 |
_aنص _btxt _2rdacontent _3كتاب |
||
| 337 |
_aبدون وسيط _bn _2rdamedia |
||
| 338 |
_aمجلد _bnc _2rdacarrier |
||
| 501 | _aمع : كتاب الفتوى في الإسلام / تأليف جمال الدين القاسمي. | ||
| 650 | 7 |
_aصلاة الجماعة _2aucsh |
|
| 650 | 7 |
_aالفقه الإسلامي _2aucsh |
|
| 650 | 7 |
_aأصول الفقه الإسلامي _2aucsh |
|
| 700 | 1 |
_aالقاضي، محمد عبد الحكيم _eمحقق. |
|
| 740 | 0 | 2 | _aكتاب الفتوى في الإسلام. |
| 740 | 2 | 2 | _aالفتوى في الإسلام. |
| 942 |
_2ddc _cRBOOK COPY _n0 |
||
| 949 |
_aSA-JeALM _d260103 _umohamedma123 _n1 |
||
| 999 |
_c14051 _d14051 |
||